[Event "Hastings Weekend op-B"]
[Site "Hastings"]
[Date "2024.01.07"]
[Round "5"]
[White "Jackson, Paul G"]
[Black "Swiatkowski, Aram"]
[Result "0-1"]
[WhiteElo "1555"]
[BlackElo "1597"]
[PlyCount "70"]
[EventDate "2024.01.06"]
[EventType "swiss"]
[EventRounds "5"]
[EventCountry "ENG"]
[SourceTitle "CB02_2024"]
[SourceDate "2024.01.10"]
[SourceVersion "1"]
[SourceVersionDate "2024.01.10"]
[SourceQuality "1"]

1. f4 d5 2. e3 g6 3. Nf3 c5 4. d4 cxd4 5. exd4 Nf6 6. Bd3 Bg7 7. Nbd2 0-0 8. 0-0 e6 9. c3 b6 10. Qe2 Nc6 11. Ne5 Bb7 12. Rf3 Nxe5 13. fxe5 Nd7 14. Rh3 f6 15. exf6 Qxf6 16. Nf3 e5 17. Bg5 Qd6 18. dxe5 Nxe5 19. Nxe5 Bxe5 20. Bh6 Rfe8 21. Qc2 d4 22. Bc4+ Kh8 23. Rd1 Qc5 24. Bf7 Re7 25. Qf2 dxc3 26. Be3 c2 27. Rc1 Qd6 28. Bb3 Be4 29. Qe1 Bf5 30. Rf3 Bxb2 31. Rxc2 Bxc2 32. Bxc2 Bd4 33. Qf2 Rxe3 34. Kh1 Rxf3 35. Qxf3 Rf8 0-1

[Event "Hastings Weekend op-B"]
[Site "Hastings"]
[Date "2024.01.06"]
[Round "2"]
[White "Harrison, Oliver"]
[Black "Jackson, Paul G"]
[Result "1-0"]
[WhiteElo "1471"]
[BlackElo "1555"]
[PlyCount "55"]
[EventDate "2024.01.06"]
[EventType "swiss"]
[EventRounds "5"]
[EventCountry "ENG"]
[SourceTitle "CB02_2024"]
[SourceDate "2024.01.10"]
[SourceVersion "1"]
[SourceVersionDate "2024.01.10"]
[SourceQuality "1"]

1. e4 e6 2. c4 d5 3. cxd5 exd5 4. exd5 Nf6 5. Bb5+ Nbd7 6. Nc3 Be7 7. d4 0-0 8. Nge2 Nb6 9. 0-0 Nbxd5 10. Nf4 Nxf4 11. Bxf4 c6 12. Bd3 Bg4 13. Qd2 Bh5 14. Rfe1 Bg6 15. Bxg6 fxg6 16. Qe3 Re8 17. Qe6+ Kh8 18. Be5 Bf8 19. Qb3 Qb6 20. Qc4 Rad8 21. Ne4 Nxe4 22. Rxe4 Re7 23. Rae1 Red7 24. b3 Rd5 25. Rf4 Qb4 26. Qe2 Bd6 27. Bxd6 Qxd6 28. Qe8+ 1-0

[Event "Hastings Weekend op-B"]
[Site "Hastings"]
[Date "2024.01.06"]
[Round "1"]
[White "Jackson, Paul G"]
[Black "Brougham, Mark"]
[Result "0-1"]
[WhiteElo "1555"]
[BlackElo "1841"]
[PlyCount "118"]
[EventDate "2024.01.06"]
[EventType "swiss"]
[EventRounds "5"]
[EventCountry "ENG"]
[SourceTitle "CB02_2024"]
[SourceDate "2024.01.10"]
[SourceVersion "1"]
[SourceVersionDate "2024.01.10"]
[SourceQuality "1"]

1. d4 b6 2. e4 Bb7 3. Nc3 e6 4. Be3 g6 5. f3 Bg7 6. Qd2 d6 7. 0-0-0 a6 8. Bd3 Nd7 9. Nge2 h6 10. Kb1 Ne7 11. f4 f5 12. exf5 exf5 13. Rhg1 Nf6 14. h3 Qd7 15. Nc1 0-0-0 16. Qe2 Rhe8 17. Qf1 Ned5 18. Nxd5 Nxd5 19. Bf2 Qa4 20. g3 Nb4 21. c3 Nxd3 22. Nxd3 Be4 23. Ka1 Rd7 24. Rd2 Rde7 25. g4 a5 26. gxf5 Bxf5 27. Nc1 Kb7 28. Qg2+ Be4 29. Qf1 Bf6 30. h4 d5 31. Nd3 Qc4 32. Ne5 Qxf1+ 33. Rxf1 Bxe5 34. dxe5 Rf8 35. Bg3 Rxe5 36. Re1 Ref5 37. c4 c6 38. b3 h5 39. Kb2 R8f7 40. Kc3 R5f6 41. a3 Re6 42. Rde2 Rfe7 43. cxd5 cxd5 44. Kb2 Rc6 45. Rc1 Ree6 46. Ree1 d4 47. Rxc6 Kxc6 48. Rd1 Kd5 49. Bf2 d3 50. Be1 Bf5 51. Bd2 Re2 52. Kc3 b5 53. Re1 Ke4 54. Rxe2+ dxe2 55. Kc2 Kf3+ 56. Kc3 Kf2 57. Kd4 e1Q 58. Bxe1+ Kxe1 59. Kc5 a4 0-1

[Event "Torquay Rowena Challengers"]
[Site "Torquay"]
[Date "2019.09.07"]
[Round "7"]
[White "Jackson, Paul G"]
[Black "Barton, R Alan"]
[Result "0-1"]
[WhiteElo "1750"]
[BlackElo "1941"]
[PlyCount "78"]
[EventDate "2019.09.01"]
[EventType "swiss"]
[EventRounds "7"]
[EventCountry "ENG"]
[SourceTitle "CBM 192 Extra"]
[Source "Chessbase"]
[SourceDate "2019.11.06"]
[SourceVersion "1"]
[SourceVersionDate "2019.11.06"]
[SourceQuality "1"]

1. d4 c5 2. d5 f5 3. Nc3 Nf6 4. Bg5 d6 5. Bxf6 exf6 6. Qd2 Be7 7. e3 0-0 8. Nge2 Na6 9. Ng3 Nc7 10. Bd3 g6 11. h4 Qe8 12. h5 f4 13. exf4 f5 14. 0-0-0 Bf6 15. hxg6 hxg6 16. Rh2 Bd7 17. Rdh1 b5 18. Nf1 c4 19. Be2 b4 20. Nd1 c3 21. Qe3 Qxe3+ 22. Nfxe3 Bg7 23. Bd3 Bb5 24. Bxb5 Nxb5 25. b3 a5 26. g4 a4 27. f3 Nd4 28. gxf5 gxf5 29. Nc4 axb3 30. cxb3 Ra6 31. Rg2 Nxb3+ 32. axb3 Ra1+ 33. Kc2 Ra2+ 34. Kd3 Rxg2 35. Nxd6 Rd2+ 36. Kc4 Rd4+ 37. Kc5 Rxf4 38. Rg1 Rxf3 39. Kxb4 c2 0-1

[Event "Thanet op-B 50th"]
[Site "Margate"]
[Date "2019.08.18"]
[Round "5"]
[White "McAllan, Ian"]
[Black "Jackson, Paul G"]
[Result "0-1"]
[WhiteElo "1998"]
[BlackElo "1862"]
[PlyCount "78"]
[EventDate "2019.08.16"]
[EventType "swiss"]
[EventRounds "5"]
[EventCountry "ENG"]
[SourceTitle "EXT 2024"]
[Source "ChessBase"]
[SourceDate "2023.10.10"]
[SourceVersion "1"]
[SourceVersionDate "2023.10.10"]
[SourceQuality "1"]

1. e4 e6 2. d4 d5 3. Nc3 Nf6 4. Bg5 Bb4 5. exd5 Qxd5 6. Bxf6 Bxc3+ 7. bxc3 gxf6 8. Nf3 b6 9. g3 Bb7 10. Bg2 Qa5 11. Qd2 Nc6 12. 0-0 0-0-0 13. Rfd1 h5 14. h4 Ne5 15. Nxe5 fxe5 16. Bxb7+ Kxb7 17. Qg5 Qxc3 18. Qxe5 Qf3 19. Rd3 Qg4 20. Re1 Rhg8 21. Re4 Qg6 22. Rf4 Rd5 23. Qf6 Qxf6 24. Rxf6 Rg7 25. c3 Ra5 26. Rdf3 Rxa2 27. Rxf7 Rxf7 28. Rxf7 a5 29. g4 a4 30. gxh5 a3 31. h6 Re2 32. h7 a2 33. h8Q a1Q+ 34. Kg2 Re1 35. Qf6 Rg1+ 36. Kh2 Rh1+ 37. Kg3 Qg1+ 38. Kf4 Qxf2+ 39. Kg5 Qxh4+ 0-1

[Event "Thanet op-B 50th"]
[Site "Margate"]
[Date "2019.08.16"]
[Round "1"]
[White "Waterfield, John"]
[Black "Jackson, Paul G"]
[Result "0-1"]
[WhiteElo "1921"]
[BlackElo "1862"]
[PlyCount "74"]
[EventDate "2019.08.16"]
[EventType "swiss"]
[EventRounds "5"]
[EventCountry "ENG"]
[SourceTitle "EXT 2024"]
[Source "ChessBase"]
[SourceDate "2023.10.10"]
[SourceVersion "1"]
[SourceVersionDate "2023.10.10"]
[SourceQuality "1"]

1. e4 e6 2. d4 d5 3. Nc3 Nf6 4. e5 Nfd7 5. f4 c5 6. Nf3 Nc6 7. Be3 Be7 8. Qd2 0-0 9. 0-0-0 Qa5 10. dxc5 Bxc5 11. Bxc5 Nxc5 12. Kb1 Rb8 13. Nb5 Ne4 14. Qe3 Bd7 15. Bd3 Nb4 16. Na3 Bc6 17. Rhe1 b5 18. Nd4 Ba8 19. Bxe4 dxe4 20. Nb3 Qc7 21. Qc5 Qxc5 22. Nxc5 Rfd8 23. Nxb5 Rdc8 24. Nxa7 Rxc5 25. a3 Nd5 26. Ka2 h6 27. c4 Rxc4 28. Rc1 Rxc1 29. Rxc1 Nxf4 30. Nc6 Bxc6 31. Rxc6 Nxg2 32. Rc4 e3 33. Re4 Rd8 34. Kb3 f5 35. exf6 gxf6 36. Rxe6 Kf7 37. Re4 Rd2 0-1

[Event "GBR-ch Soanes op 106th"]
[Site "Torquay"]
[Date "2019.07.28"]
[Round "4"]
[White "Deacon, David J"]
[Black "Jackson, Paul G"]
[Result "1/2-1/2"]
[WhiteElo "1635"]
[BlackElo "1777"]
[PlyCount "87"]
[EventDate "2019.07.26"]
[EventType "swiss"]
[EventRounds "5"]
[EventCountry "ENG"]
[SourceTitle "EXT 2021"]
[Source "ChessBase"]
[SourceDate "2020.10.23"]
[SourceVersion "1"]
[SourceVersionDate "2020.10.23"]
[SourceQuality "1"]

1. d4 e6 2. g3 f5 3. Bg2 Nf6 4. Nf3 d5 5. 0-0 Bd6 6. c4 c6 7. Nc3 Nbd7 8. Qc2 0-0 9. Rb1 Ne4 10. Nxe4 fxe4 11. Ne1 e5 12. cxd5 cxd5 13. Qb3 Kh8 14. dxe5 Nxe5 15. Qxd5 Bg4 16. Qd1 Bf5 17. Nc2 Qe7 18. Ne3 Bg6 19. Bd2 Rad8 20. Qa4 Bc5 21. Bc3 Nc6 22. b4 Bb6 23. Rbd1 Nd4 24. Bxd4 Bxd4 25. Kh1 Bb6 26. Nd5 Qf7 27. Nxb6 Rxd1 28. Qxd1 axb6 29. Qb3 Qe7 30. Kg1 Bh5 31. a3 Bxe2 32. Re1 Bb5 33. Qe3 Bc6 34. Qxb6 Qe5 35. Qe3 Qb2 36. h4 h6 37. Re2 Qa1+ 38. Kh2 Re8 39. Rd2 Qf6 40. Qd4 Qf5 41. Bh3 Qf3 42. Bg2 Qxa3 43. Re2 Qd3 44. Qe3 1/2-1/2

[Event "GBR-ch Soanes op 106th"]
[Site "Torquay"]
[Date "2019.07.26"]
[Round "1"]
[White "Jackson, Paul G"]
[Black "Horlock, Peter J"]
[Result "0-1"]
[WhiteElo "1777"]
[BlackElo "1606"]
[PlyCount "54"]
[EventDate "2019.07.26"]
[EventType "swiss"]
[EventRounds "5"]
[EventCountry "ENG"]
[SourceTitle "EXT 2021"]
[Source "ChessBase"]
[SourceDate "2020.10.23"]
[SourceVersion "1"]
[SourceVersionDate "2020.10.23"]
[SourceQuality "1"]

1. d4 Nf6 2. c4 e6 3. Nc3 d5 4. cxd5 exd5 5. Bg5 Be7 6. Qc2 Nbd7 7. e3 a6 8. Bd3 c5 9. Nf3 c4 10. Be2 b5 11. a3 Bb7 12. 0-0 Ne4 13. Bf4 g5 14. Bg3 h5 15. h3 g4 16. Nd2 Nxd2 17. Qxd2 gxh3 18. gxh3 Nf6 19. Bf3 Rg8 20. Kh1 Qd7 21. Bg2 0-0-0 22. Rg1 Rg6 23. Kh2 Rdg8 24. Be5 Ng4+ 25. Kh1 Nxe5 26. dxe5 Rxg2 27. Rxg2 Qxh3+ 0-1

[Event "London CSC Weekend U2050 op 10th"]
[Site "London"]
[Date "2018.12.16"]
[Round "4"]
[White "Jackson, Paul G"]
[Black "Palhas, Miguel Branco"]
[Result "1/2-1/2"]
[WhiteElo "1868"]
[BlackElo "1412"]
[PlyCount "106"]
[EventDate "2018.12.14"]
[EventType "swiss"]
[EventRounds "5"]
[EventCountry "ENG"]
[SourceTitle "EXT 2020"]
[Source "ChessBase"]
[SourceDate "2019.10.17"]
[SourceVersion "1"]
[SourceVersionDate "2019.10.17"]
[SourceQuality "1"]

1. f4 d5 2. e3 Nf6 3. Nf3 Bf5 4. Be2 e6 5. 0-0 Bd6 6. d3 Nbd7 7. Qe1 Qe7 8. a4 a5 9. Nbd2 0-0 10. h3 h6 11. g4 Bh7 12. Kh1 e5 13. g5 hxg5 14. Nxg5 exf4 15. Nxh7 Nxh7 16. exf4 Rae8 17. Rf2 Bxf4 18. Qf1 Be3 19. Rg2 Ne5 20. Nf3 Ng6 21. Bxe3 Qxe3 22. Re1 Qh6 23. Rg1 Nf4 24. Kh2 Re3 25. Bd1 Rfe8 26. Rxe3 Rxe3 27. Rg3 Qe6 28. Nd4 Qe5 29. Rxe3 Qxe3 30. Nf5 Qe5 31. Ng3 Ng5 32. Bg4 Qe3 33. h4 Nh7 34. Ne2 Nf6 35. Qxf4 Qxf4+ 36. Nxf4 Nxg4+ 37. Kg3 Ne3 38. Kf3 Nxc2 39. Nxd5 c6 40. Nb6 Kh7 41. Nc4 Nd4+ 42. Ke4 Nb3 43. d4 Kg6 44. Nd6 b6 45. Nc8 f5+ 46. Ke5 Kh5 47. Kxf5 Nxd4+ 48. Ke4 Nb3 49. Nxb6 Kxh4 50. Nc4 Nc5+ 51. Kf4 Nxa4 52. Nxa5 Nxb2 53. Nxc6 Nd3+ 1/2-1/2

[Event "London CSC Weekend U2050 op 10th"]
[Site "London"]
[Date "2018.12.16"]
[Round "5"]
[White "Vaidya, Raghav"]
[Black "Jackson, Paul G"]
[Result "0-1"]
[WhiteElo "1342"]
[BlackElo "1868"]
[PlyCount "164"]
[EventDate "2018.12.14"]
[EventType "swiss"]
[EventRounds "5"]
[EventCountry "ENG"]
[SourceTitle "EXT 2020"]
[Source "ChessBase"]
[SourceDate "2019.10.17"]
[SourceVersion "1"]
[SourceVersionDate "2019.10.17"]
[SourceQuality "1"]

1. e4 e6 2. d4 d5 3. Nc3 dxe4 4. Nxe4 Bd7 5. Nf3 Bc6 6. Bd3 Nd7 7. 0-0 Ngf6 8. Re1 Nxe4 9. Bxe4 Bxe4 10. Rxe4 Be7 11. c4 c6 12. b3 0-0 13. Bb2 Re8 14. Qc2 Nf6 15. Re2 Qa5 16. h3 Rad8 17. Bc3 Bb4 18. Re3 Bxc3 19. Qxc3 Qb6 20. Rd1 h6 21. Ne5 c5 22. Red3 cxd4 23. Rxd4 Rxd4 24. Qxd4 Qa5 25. Rd2 Qa3 26. Nf3 a6 27. Qd6 Qc1+ 28. Rd1 Qc2 29. Qd2 Qe4 30. Qd3 Qc6 31. Qd4 Qc7 32. Qe5 Qe7 33. Qd6 Kf8 34. Ne5 Rc8 35. f3 Qxd6 36. Rxd6 Ke7 37. Rb6 Rc7 38. b4 Nd7 39. Nxd7 Rxd7 40. a4 Kd8 41. b5 Kc7 42. a5 axb5 43. Rxb5 Rd4 44. c5 Rd5 45. Kh2 Rd7 46. Kg3 Kc6 47. Rb1 Kxc5 48. Rb3 Kc6 49. Rb6+ Kc7 50. Rb4 Rd5 51. Ra4 Rd6 52. Rb4 Ra6 53. Rc4+ Kd6 54. Rb4 Ra7 55. Rd4+ Kc7 56. Rc4+ Kd6 57. Rd4+ Ke7 58. Rc4 Kf6 59. Rf4+ Kg6 60. Rg4+ Kh7 61. Rb4 e5 62. Rb5 f6 63. h4 Kg6 64. f4 Kf5 65. fxe5 fxe5 66. Kf3 h5 67. Ke3 g6 68. Kf3 Ra8 69. g3 Ra6 70. Kg2 Ke4 71. Rxb7 Rxa5 72. Rg7 Kd3 73. Rxg6 e4 74. Rd6+ Ke2 75. Re6 e3 76. Rd6 Rc5 77. Kh3 Ke1 78. Rd8 Rc4 79. Rd5 e2 80. Kg2 Rc2 81. Rxh5 Kd1 82. Re5 e1Q+ 0-1

[Event "Torquay Paignton Rowena op"]
[Site "Torquay"]
[Date "2018.09.08"]
[Round "7"]
[White "Jackson, Paul G"]
[Black "Robertson, Jim"]
[Result "1-0"]
[WhiteElo "167"]
[BlackElo "148"]
[PlyCount "55"]
[EventDate "2018.09.02"]
[EventType "swiss"]
[EventRounds "7"]
[EventCountry "ENG"]
[SourceTitle "CBM 187 Extra"]
[Source "ChessBase"]
[SourceDate "2018.11.04"]
[SourceVersion "1"]
[SourceVersionDate "2018.11.04"]
[SourceQuality "1"]

1. d4 d5 2. c4 e6 3. cxd5 exd5 4. Nc3 f5 5. Bf4 c6 6. e3 Nf6 7. Bd3 Bd6 8. Nf3 Ne4 9. Qc2 0-0 10. h3 Qe8 11. 0-0-0 b5 12. Bxd6 Nxd6 13. Ne5 Nc4 14. Bxc4 dxc4 15. g4 g6 16. g5 Be6 17. Qd2 Nd7 18. h4 Nb6 19. h5 Bf7 20. hxg6 Bxg6 21. Rh6 Kg7 22. Rdh1 Rh8 23. Nxg6 b4 24. Nxh8 bxc3 25. Rxh7+ Kg8 26. bxc3 f4 27. Nf7 Qe4 28. Ne5 1-0

[Event "Torquay Paignton Rowena op"]
[Site "Torquay"]
[Date "2018.09.05"]
[Round "4"]
[White "Page, Martin C"]
[Black "Jackson, Paul G"]
[Result "0-1"]
[WhiteElo "145"]
[BlackElo "167"]
[PlyCount "86"]
[EventDate "2018.09.02"]
[EventType "swiss"]
[EventRounds "7"]
[EventCountry "ENG"]
[SourceTitle "CBM 187 Extra"]
[Source "ChessBase"]
[SourceDate "2018.11.04"]
[SourceVersion "1"]
[SourceVersionDate "2018.11.04"]
[SourceQuality "1"]

1. e4 e6 2. d4 d5 3. Nd2 Be7 4. Ngf3 Nf6 5. e5 Nfd7 6. Bd3 c5 7. c3 Nc6 8. 0-0 g5 9. Bb5 g4 10. Bxc6 bxc6 11. Ne1 f5 12. f4 cxd4 13. cxd4 Ba6 14. Rf2 c5 15. Nb3 c4 16. Nd2 Nb6 17. Nf1 Qd7 18. Be3 Rb8 19. b3 h5 20. Rc2 h4 21. Qd2 Qb5 22. Qe2 Kd7 23. Nd2 Qc6 24. Qd1 h3 25. g3 Qb7 26. Rb1 Qa8 27. Nf1 Rhc8 28. Bd2 cxb3 29. axb3 Rxc2 30. Nxc2 Rc8 31. Ne1 Qc6 32. Rc1 Qb5 33. Ne3 Rxc1 34. Bxc1 Bb4 35. Kf2 Bc3 36. Ba3 Qa5 37. Bc5 Bb5 38. Qb1 Bxe1+ 39. Qxe1 Qa2+ 40. Kg1 Qxb3 41. Qc1 Nc4 42. Nxc4 Bxc4 43. Bxa7 Qa2 0-1

[Event "Frome op"]
[Site "Frome"]
[Date "2017.05.14"]
[Round "4"]
[White "Varney, Zoe"]
[Black "Jackson, Paul G"]
[Result "1-0"]
[WhiteElo "1976"]
[BlackElo "1748"]
[PlyCount "161"]
[EventDate "2017.05.12"]
[EventType "swiss"]
[EventRounds "5"]
[EventCountry "ENG"]
[SourceTitle "CBM 178 Extra"]
[Source "ChessBase"]
[SourceDate "2017.06.22"]
[SourceVersion "1"]
[SourceVersionDate "2017.06.22"]
[SourceQuality "1"]

1. e4 e6 2. d4 d5 3. Nc3 Nf6 4. Bg5 Bb4 5. e5 h6 6. Bd2 Bxc3 7. bxc3 Ne4 8. Qg4 g6 9. Nf3 c5 10. Bd3 Nxd2 11. Kxd2 Bd7 12. dxc5 Qe7 13. Qb4 Bc6 14. Bb5 0-0 15. Rab1 a5 16. Qd4 Bxb5 17. Rxb5 Nc6 18. Qe3 Kg7 19. Rhb1 Ra7 20. Nd4 Rc8 21. a4 Nd8 22. g3 Kh7 23. Nb3 Nc6 24. f4 Kg7 25. Rb6 Nd8 26. h4 h5 27. Qd3 Nc6 28. Qe2 Rd8 29. Qe3 Rc8 30. Nd4 Nxd4 31. cxd4 Qd7 32. Qb3 Rc7 33. Qb5 Qe7 34. Kd3 Kh7 35. Qb3 Qd7 36. Rb5 Qc6 37. Kd2 Kg7 38. Qc3 b6 39. Rxb6 Qxa4 40. Ra1 Qd7 41. Rxa5 Rxa5 42. Qxa5 Ra7 43. Ra6 Rc7 44. Qa4 Qe7 45. Qb5 Rb7 46. Rb6 Ra7 47. Qc6 Ra1 48. Rb7 Qd8 49. Qc7 Qe8 50. Qd7 Qxd7 51. Rxd7 Ra4 52. c3 Kf8 53. Rb7 Ke8 54. Kc2 Ra2+ 55. Rb2 Ra3 56. Rb8+ Kd7 57. Kb2 Ra4 58. Rb7+ Ke8 59. c6 Rc4 60. c7 Rc6 61. Kb3 Rc4 62. Rb8+ Kd7 63. Rf8 Rxc7 64. Rxf7+ Kd8 65. Rf8+ Ke7 66. Rf6 Rb7+ 67. Kc2 Ra7 68. Rxg6 Ra2+ 69. Kb3 Rf2 70. Rg5 Rf3 71. Kb4 Kf7 72. Rxh5 Rxg3 73. f5 exf5 74. Rxf5+ Ke7 75. Rh5 Rh3 76. Rh8 Ke6 77. h5 Rh1 78. h6 Rb1+ 79. Kc5 Rc1 80. Re8+ Kd7 81. h7 1-0

[Event "Crawley e2e4 Gatwick op U2050"]
[Site "Crawley"]
[Date "2016.05.30"]
[Round "7"]
[White "Bryant, Jonathan"]
[Black "Jackson, Paul G"]
[Result "1/2-1/2"]
[WhiteElo "1856"]
[BlackElo "1917"]
[PlyCount "68"]
[EventDate "2016.05.27"]
[EventType "swiss"]
[EventRounds "7"]
[EventCountry "ENG"]
[SourceTitle "EXT 2019"]
[Source "ChessBase"]
[SourceDate "2018.10.10"]
[SourceVersion "1"]
[SourceVersionDate "2018.10.10"]
[SourceQuality "1"]

1. c4 e6 2. g3 f5 3. Bg2 Nf6 4. Nf3 c6 5. 0-0 d5 6. d3 Bd6 7. Nc3 0-0 8. e4 dxe4 9. dxe4 fxe4 10. Ng5 e5 11. Ngxe4 Nxe4 12. Nxe4 Bc7 13. Be3 Be6 14. b3 Nd7 15. Nc5 Nxc5 16. Bxc5 Rf7 17. Qe2 Qf6 18. Rad1 Rd8 19. Rxd8+ Bxd8 20. Bxa7 Bc7 21. Be3 Bf5 22. Rd1 Qe6 23. b4 e4 24. Qf1 Bg4 25. Rd2 Bf3 26. b5 cxb5 27. cxb5 h5 28. Bxf3 exf3 29. h4 Qg4 30. Qc4 Qh3 31. Qf1 Qf5 32. Qd3 Qh3 33. Qf1 Qc8 34. Qc4 Qh3 1/2-1/2

[Event "London Classic CSC op U2000 7th"]
[Site "London"]
[Date "2015.12.06"]
[Round "5"]
[White "Omtvedt, Per"]
[Black "Jackson, Paul G"]
[Result "1/2-1/2"]
[WhiteElo "1932"]
[BlackElo "1879"]
[PlyCount "68"]
[EventDate "2015.12.04"]
[EventType "swiss"]
[EventRounds "5"]
[EventCountry "ENG"]
[SourceTitle "CBM 169 Extra"]
[Source "ChessBase"]
[SourceDate "2015.12.18"]
[SourceVersion "1"]
[SourceVersionDate "2015.12.18"]
[SourceQuality "1"]

1. e4 e6 2. d4 d5 3. Nd2 dxe4 4. Nxe4 Bd7 5. Nf3 Bc6 6. Bd3 Nd7 7. 0-0 Ngf6 8. Qe2 Nxe4 9. Bxe4 Bxe4 10. Qxe4 c6 11. c4 Be7 12. b3 0-0 13. Bb2 Bf6 14. Rad1 Qa5 15. Qc2 Rad8 16. a4 Rfe8 17. Bc3 Qc7 18. Rfe1 Nf8 19. b4 a6 20. a5 Ng6 21. Re4 Rd7 22. Ne5 Nxe5 23. dxe5 Rxd1+ 24. Qxd1 Rd8 25. Rd4 Be7 26. Rxd8+ Qxd8 27. Qxd8+ Bxd8 28. Kf1 g5 29. Ke2 h5 30. h3 Kh7 31. Ke3 Kg6 32. g4 hxg4 33. hxg4 Be7 34. Ke4 Bf8 1/2-1/2

[Event "London Classic CSC op U2000 7th"]
[Site "London"]
[Date "2015.12.05"]
[Round "3"]
[White "Vlcek, Marek"]
[Black "Jackson, Paul G"]
[Result "1/2-1/2"]
[WhiteElo "1963"]
[BlackElo "1879"]
[PlyCount "48"]
[EventDate "2015.12.04"]
[EventType "swiss"]
[EventRounds "5"]
[EventCountry "ENG"]
[SourceTitle "CBM 169 Extra"]
[Source "ChessBase"]
[SourceDate "2015.12.18"]
[SourceVersion "1"]
[SourceVersionDate "2015.12.18"]
[SourceQuality "1"]

1. b3 f5 2. e3 Nf6 3. Bb2 e6 4. f4 Be7 5. Nf3 0-0 6. c4 b6 7. Be2 Bb7 8. 0-0 c5 9. Qe1 Nc6 10. Nc3 Rc8 11. h3 Ne4 12. d3 Nxc3 13. Bxc3 Bf6 14. d4 Qe7 15. g4 g6 16. a3 d5 17. Qg3 cxd4 18. exd4 Bg7 19. g5 Rfd8 20. Rfe1 Qd6 21. cxd5 exd5 22. Ne5 Nxe5 23. fxe5 Qe6 24. h4 Rc7 1/2-1/2

[Event "Sunningdale e2e4 U2050 op 05"]
[Site "Sunningdale"]
[Date "2014.05.26"]
[Round "7"]
[White "Jackson, Paul G"]
[Black "Bennett, Owen"]
[Result "1-0"]
[WhiteElo "1886"]
[BlackElo "1688"]
[PlyCount "81"]
[EventDate "2014.05.23"]
[EventType "swiss"]
[EventRounds "7"]
[EventCountry "ENG"]
[SourceTitle "EXT 2015"]
[Source "ChessBase"]
[SourceDate "2014.11.20"]
[SourceVersion "1"]
[SourceVersionDate "2014.11.20"]
[SourceQuality "1"]

1. d4 d5 2. c4 e6 3. Nc3 Nf6 4. cxd5 exd5 5. Bg5 Nbd7 6. e3 c6 7. Bd3 Be7 8. Qc2 Nh5 9. Bxe7 Qxe7 10. 0-0-0 g6 11. g4 Ng7 12. h3 Nb6 13. Na4 Qc7 14. Kb1 Bd7 15. Rc1 Ne6 16. Nc5 Nxc5 17. dxc5 Nc8 18. Ne2 Ne7 19. Nd4 0-0-0 20. Qa4 Kb8 21. Rc3 h5 22. Ra3 Nc8 23. g5 h4 24. Ka1 Qe5 25. Rb3 Qc7 26. Rc1 Ka8 27. Bf1 Be8 28. f4 Rd7 29. Ra3 Re7 30. b4 Re4 31. Qb3 Qb8 32. b5 cxb5 33. Bxb5 Re7 34. Qxd5 Bxb5 35. Nxb5 Rhe8 36. Qd4 Re4 37. Qd2 R4e6 38. Qa5 R8e7 39. Nd6 Nxd6 40. cxd6 Re8 41. d7 1-0

[Event "High Wycombe e2e4 op U2050"]
[Site "High Wycombe"]
[Date "2013.10.12"]
[Round "3"]
[White "Herring, Samuel"]
[Black "Jackson, Paul G"]
[Result "1/2-1/2"]
[WhiteElo "1670"]
[BlackElo "1877"]
[PlyCount "131"]
[EventDate "2013.10.11"]
[EventType "swiss"]
[EventRounds "5"]
[EventCountry "ENG"]
[SourceTitle "EXT 2015"]
[Source "ChessBase"]
[SourceDate "2014.11.20"]
[SourceVersion "1"]
[SourceVersionDate "2014.11.20"]
[SourceQuality "1"]

1. d4 e6 2. c4 f5 3. Nc3 Nf6 4. Nf3 Bb4 5. Qb3 Qe7 6. Bg5 Bxc3+ 7. Qxc3 Ne4 8. Bxe7 Nxc3 9. Bb4 Ne4 10. e3 Nc6 11. a3 a5 12. Bc3 Nxc3 13. bxc3 b6 14. d5 Ne7 15. Rd1 d6 16. dxe6 Bxe6 17. Nd4 Bf7 18. Be2 0-0-0 19. 0-0 g6 20. Rd2 Rde8 21. Rfd1 Rhf8 22. h3 Bg8 23. Bd3 Kd7 24. Ne2 Rb8 25. Nf4 Nc6 26. Nd5 Ne5 27. Be2 g5 28. f4 gxf4 29. exf4 Ng6 30. g3 Ne7 31. Bf3 Rbe8 32. Kf2 Nxd5 33. cxd5 Ke7 34. Re2+ Kf6 35. Rde1 Rxe2+ 36. Rxe2 Bf7 37. c4 Re8 38. Rxe8 Bxe8 39. g4 fxg4 40. hxg4 h6 41. Be4 b5 42. cxb5 Bxb5 43. Ke3 Bd7 44. Bf3 Kg6 45. Kf2 Kf6 46. Kg3 Be8 47. Be4 Bf7 48. Kh4 Kg7 49. g5 hxg5+ 50. Kxg5 Be8 51. f5 Bd7 52. f6+ Kf8 53. Bf5 Ba4 54. Kg6 Bb3 55. Be4 Bc4 56. Kf5 Kf7 57. Bf3 Bb3 58. Bh5+ Kf8 59. Ke6 Ba4 60. Be2 Be8 61. Bc4 Ba4 62. f7 Bd1 63. Bb5 Bg4+ 64. Kf6 Bf3 65. Bc6 Bh5 66. Be8 1/2-1/2

[Event "High Wycombe e2e4 op U2050"]
[Site "High Wycombe"]
[Date "2013.10.12"]
[Round "2"]
[White "Jackson, Paul G"]
[Black "Du Toit, Stephanie"]
[Result "1-0"]
[WhiteElo "1877"]
[BlackElo "1658"]
[PlyCount "77"]
[EventDate "2013.10.11"]
[EventType "swiss"]
[EventRounds "5"]
[EventCountry "ENG"]
[SourceTitle "EXT 2015"]
[Source "ChessBase"]
[SourceDate "2014.11.20"]
[SourceVersion "1"]
[SourceVersionDate "2014.11.20"]
[SourceQuality "1"]

1. d4 d5 2. e3 g6 3. Bd3 Bg7 4. f4 Nf6 5. Nd2 0-0 6. Ngf3 Nbd7 7. c3 c5 8. Ng5 c4 9. Bc2 Nb6 10. h3 Qc7 11. g4 Ne8 12. Nf1 f6 13. Nf3 e5 14. Bd2 exf4 15. exf4 Nd6 16. Ng3 Re8+ 17. Kf1 Ne4 18. Kg2 Bh6 19. Ne2 Qe7 20. Re1 f5 21. g5 Bg7 22. Ne5 Bxe5 23. dxe5 Qc5 24. Nd4 Nd7 25. Be3 Qe7 26. Nf3 Qf7 27. Bd4 Nf8 28. Be3 Ne6 29. Nd4 Bd7 30. Qf3 Rad8 31. h4 Kg7 32. Rh1 Rh8 33. h5 h6 34. gxh6+ Rxh6 35. Bxe4 dxe4 36. Qg3 Kf8 37. Nxe6+ Bxe6 38. Qg5 Rd3 39. Qxh6+ 1-0

[Event "Sunningdale e2e4 op U2050 05"]
[Site "Sunningdale"]
[Date "2013.05.25"]
[Round "3"]
[White "Mallon, Gunnar"]
[Black "Jackson, Paul G"]
[Result "1/2-1/2"]
[WhiteElo "1627"]
[BlackElo "1839"]
[PlyCount "73"]
[EventDate "2013.05.24"]
[EventType "swiss"]
[EventRounds "7"]
[EventCountry "ENG"]
[SourceTitle "EXT 2014"]
[Source "ChessBase"]
[SourceDate "2013.11.20"]
[SourceVersion "1"]
[SourceVersionDate "2013.11.20"]
[SourceQuality "1"]

1. c4 e6 2. g3 f5 3. Nc3 Nf6 4. Bg2 Be7 5. d3 0-0 6. e4 fxe4 7. dxe4 Nc6 8. Nge2 Bc5 9. Be3 Bxe3 10. fxe3 Ng4 11. Qd2 Nge5 12. b3 b6 13. 0-0-0 a5 14. Nd4 Bb7 15. Rhf1 Nb4 16. Rxf8+ Qxf8 17. Rf1 Nbd3+ 18. Kb1 Qe7 19. Nf3 Bc6 20. Nxe5 Nxe5 21. Qd4 d6 22. Kb2 a4 23. b4 a3+ 24. Kc2 Rf8 25. Kb3 Rxf1 26. Bxf1 Nf3 27. Qd1 Qf6 28. Bg2 Ne5 29. Qe2 Qh6 30. Bf1 Qg6 31. Bg2 Ng4 32. Bh3 h5 33. Bxg4 hxg4 34. Qc2 Qg5 35. Qf2 Qg6 36. Qf4 Qh5 37. Qf2 1/2-1/2